Statistics for Smallest US Capital Cities

Click here to take the quiz!

General Stats

  • This quiz has been taken 3,209 times
  • The average score is 15 of 20

Answer Stats

PopulationCapital City% Correct
13,646Pierre, SD
83%
61,272Bismarck, ND
82%
28,190Helena, MT
82%
19,136Augusta, ME
80%
59,466Cheyenne, WY
79%
7,855Montpelier, VT
78%
31,275Juneau, AK
77%
55,274Carson City, NV
76%
46,478Olympia, WA
75%
32,135Dover, DE
74%
42,695Concord, NH
72%
25,527Frankfort, KY
71%
75,764Santa Fe, NM
71%
97,856Albany, NY
68%
43,079Jefferson City, MO
68%
38,394Annapolis, MD
66%
51,400Charleston, WV
65%
49,528Harrisburg, PA
65%
114,297Lansing, MI
65%
84,913Trenton, NJ
59%

Score Distribution

Percentile by Number Answered

Percent of People with Each Score

Your Score History

You have not taken this quiz